[Event "Bundesliga 9798"]
[Site "Deutschland"]
[Date "1998.??.??"]
[Round "?.1"]
[White "Stohl, Igor"]
[Black "Muse, Mladen"]
[Result "1-0"]
[WhiteElo "2565"]
[BlackElo "2460"]
[PlyCount "81"]
[EventDate "1997.10.??"]
[EventType "team"]
[EventRounds "15"]
[EventCountry "GER"]
[SourceTitle "Bundesliga 9798"]
[Source "DeepChess"]
[SourceDate "2005.01.01"]
[SourceVersion "1"]
[SourceVersionDate "2005.01.01"]
[SourceQuality "1"]
[WhiteTeam "SF Neukoelln 03 e.V."]
[BlackTeam "SV Empor Berlin e.V."]
[WhiteTeamCountry "GER"]
[BlackTeamCountry "GER"]

1. c4 g6 2. Nf3 Bg7 3. d4 d6 4. Nc3 Nf6 5. e4 O-O 6. Be2 e5 7. O-O Nc6 8. d5
Ne7 9. b4 Nh5 10. Re1 Nf4 11. Bf1 a5 12. bxa5 Rxa5 13. a4 c5 14. Nd2 Ra6 15.
Ra3 Kh8 16. Nb5 Ng8 17. g3 Nh5 18. Bg2 Bh6 19. Bb2 f6 20. Rf1 Bd7 21. Nf3 Qc8
22. Ne1 Rf7 23. Nd3 Bg4 24. Qc2 g5 25. f3 Bh3 26. Qe2 Bxg2 27. Kxg2 Ng7 28. h4
Qd7 29. hxg5 fxg5 30. Rh1 Qe7 31. Raa1 Ne8 32. Nxd6 Nxd6 33. Nxe5 Rf6 34. Ng4
Bg7 35. Nxf6 Nxf6 36. e5 Rb6 37. Rae1 Nd7 38. exd6 Qxe2+ 39. Rxe2 Rxb2 40. Rxb2
Bxb2 41. Rb1 1-0

[Event "Bundesliga 9798"]
[Site "Deutschland"]
[Date "1998.??.??"]
[Round "?.3"]
[White "Polzin, Rainer"]
[Black "Volke, Karsten"]
[Result "0-1"]
[WhiteElo "2445"]
[BlackElo "2455"]
[PlyCount "75"]
[EventDate "1997.10.??"]
[EventType "team"]
[EventRounds "15"]
[EventCountry "GER"]
[SourceTitle "Bundesliga 9798"]
[Source "DeepChess"]
[SourceDate "2005.01.01"]
[SourceVersion "1"]
[SourceVersionDate "2005.01.01"]
[SourceQuality "1"]
[WhiteTeam "SF Neukoelln 03 e.V."]
[BlackTeam "SV Empor Berlin e.V."]
[WhiteTeamCountry "GER"]
[BlackTeamCountry "GER"]

1. g3 g6 2. Bg2 Bg7 3. c4 Nf6 4. Nc3 O-O 5. Nf3 c6 6. O-O d5 7. cxd5 cxd5 8. d4
e6 9. Ne5 Nfd7 10. f4 f6 11. Nxd7 Nxd7 12. e3 f5 13. Bd2 Nf6 14. Qb3 b6 15.
Rfc1 Ba6 16. Nb5 Qd7 17. Bf1 Rfc8 18. Qa4 Bb7 19. Rxc8+ Bxc8 20. Rc1 a6 21. Nc3
Qb7 22. Qb3 Bd7 23. Bd3 h6 24. a4 Rb8 25. Qd1 g5 26. Qe2 Ra8 27. b3 Be8 28. Na2
gxf4 29. gxf4 Bh5 30. Qf1 Kh8 31. h3 Ne4 32. Be1 Bf6 33. Kh2 b5 34. a5 Rc8 35.
Rxc8+ Qxc8 36. Qg2 Bd1 37. Qg6 Bg7 38. b4 0-1

[Event "Bundesliga 9798"]
[Site "Deutschland"]
[Date "1998.??.??"]
[Round "?.4"]
[White "Hetey, Laszlo"]
[Black "Bunzmann, Dimitrij"]
[Result "1/2-1/2"]
[WhiteElo "2345"]
[BlackElo "2370"]
[PlyCount "125"]
[EventDate "1997.10.??"]
[EventType "team"]
[EventRounds "15"]
[EventCountry "GER"]
[SourceTitle "Bundesliga 9798"]
[Source "DeepChess"]
[SourceDate "2005.01.01"]
[SourceVersion "1"]
[SourceVersionDate "2005.01.01"]
[SourceQuality "1"]
[WhiteTeam "SV Empor Berlin e.V."]
[BlackTeam "SF Neukoelln 03 e.V."]
[WhiteTeamCountry "GER"]
[BlackTeamCountry "GER"]

1. d4 e6 2. c4 b6 3. e4 Bb7 4. Bd3 f5 5. Nc3 Bb4 6. Qe2 Nf6 7. Bg5 fxe4 8. Bxe4
Bxe4 9. Bxf6 Qxf6 10. Qxe4 O-O 11. Nf3 Bxc3+ 12. bxc3 Nc6 13. O-O Rae8 14. Rae1
Qf5 15. Ne5 Nxe5 16. Qxe5 d6 17. Qb5 Qd3 18. Re3 Qd2 19. Qd7 Kh8 20. Rg3 g6 21.
Rh3 h5 22. Rg3 Rg8 23. Rxg6 Rxg6 24. Qxe8+ Kh7 25. Qf7+ Kh6 26. Qxc7 Qxc3 27.
Qxd6 Qxc4 28. Qf8+ Kh7 29. Qf7+ Kh6 30. Qf8+ Kh7 31. Qf7+ Kh6 32. Qf4+ Kh7 33.
Rc1 Qxa2 34. Qf7+ Kh6 35. Qf4+ Kh7 36. Qf7+ Kh6 37. Qf8+ Rg7 38. Qh8+ Kg6 39.
Qe8+ Rf7 40. Qg8+ Rg7 41. Qe8+ Rf7 42. Qg8+ Rg7 43. Qb8 Kh7 44. Qf4 Qd5 45. g3
Rd7 46. Qe3 a5 47. h4 Rf7 48. Rc8 a4 49. Re8 Rf6 50. Re7+ Kg6 51. Ra7 b5 52.
Qd2 Rf7 53. Ra5 Rf5 54. Qc2 Qd7 55. Ra6 Kf7 56. Qd2 Kg7 57. Qe3 Rf6 58. Qg5+
Rg6 59. Qe5+ Rf6 60. Qg5+ Rg6 61. Qc5 Qd8 62. Qxh5 Qxd4 63. Qf3 1/2-1/2

[Event "Bundesliga 9798"]
[Site "Deutschland"]
[Date "1998.??.??"]
[Round "?.5"]
[White "Schoene, Ralf"]
[Black "Thinius, Marco"]
[Result "1-0"]
[WhiteElo "2435"]
[BlackElo "2310"]
[PlyCount "86"]
[EventDate "1997.10.??"]
[EventType "team"]
[EventRounds "15"]
[EventCountry "GER"]
[SourceTitle "Bundesliga 9798"]
[Source "DeepChess"]
[SourceDate "2005.01.01"]
[SourceVersion "1"]
[SourceVersionDate "2005.01.01"]
[SourceQuality "1"]
[WhiteTeam "SF Neukoelln 03 e.V."]
[BlackTeam "SV Empor Berlin e.V."]
[WhiteTeamCountry "GER"]
[BlackTeamCountry "GER"]

1. e4 e5 2. Nf3 Nc6 3. Bc4 Nf6 4. d3 Be7 5. Nbd2 O-O 6. O-O d6 7. c3 Na5 8. Bb5
a6 9. Ba4 c5 10. Re1 b5 11. Bc2 Re8 12. Nf1 Bb7 13. d4 cxd4 14. cxd4 exd4 15.
Nxd4 Bf8 16. Ng3 g6 17. b3 d5 18. e5 Ne4 19. Bb2 Rc8 20. Qg4 Rxe5 21. Bxe4 dxe4
22. Ndf5 h5 23. Qf4 Rxf5 24. Nxf5 Rc2 25. Be5 gxf5 26. Qxf5 Rc5 27. Re3 h4 28.
Qg4+ Kh7 29. Rd1 Qxd1+ 30. Qxd1 Rxe5 31. Qd8 Bh6 32. Qxa5 Bxe3 33. fxe3 Rf5 34.
Qe1 Kg7 35. Qxh4 Bd5 36. Qe1 Rg5 37. h3 Rf5 38. Qc3+ Kg6 39. Qc7 Be6 40. Qb6
Rd5 41. Qxa6 Rd1+ 42. Kh2 Rd3 43. Qb6 Rd5 1-0

[Event "Bundesliga 9798"]
[Site "Deutschland"]
[Date "1998.??.??"]
[Round "?.6"]
[White "Richter, Michael"]
[Black "Berndt, Stephan"]
[Result "0-1"]
[WhiteElo "2370"]
[BlackElo "2360"]
[PlyCount "74"]
[EventDate "1997.10.??"]
[EventType "team"]
[EventRounds "15"]
[EventCountry "GER"]
[SourceTitle "Bundesliga 9798"]
[Source "DeepChess"]
[SourceDate "2005.01.01"]
[SourceVersion "1"]
[SourceVersionDate "2005.01.01"]
[SourceQuality "1"]
[WhiteTeam "SV Empor Berlin e.V."]
[BlackTeam "SF Neukoelln 03 e.V."]
[WhiteTeamCountry "GER"]
[BlackTeamCountry "GER"]

1. d4 Nf6 2. Nf3 g6 3. c4 Bg7 4. Nc3 d5 5. Qb3 dxc4 6. Qxc4 O-O 7. e4 Na6 8.
Be2 c5 9. d5 e6 10. O-O exd5 11. exd5 Re8 12. Be3 Bf5 13. Rad1 Qb6 14. d6 h6
15. b3 Rad8 16. Na4 Qc6 17. Qb5 Qc8 18. Qa5 Be4 19. Nxc5 Nxc5 20. Qxc5 Bc6 21.
Nd4 Ne4 22. Qc2 Rxd6 23. Bf3 f5 24. Nxc6 Rxc6 25. Qd3 Rd6 26. Qb5 a6 27. Qa5
Rxd1 28. Rxd1 Nc3 29. Rd3 Kh7 30. h4 Ne4 31. h5 g5 32. Qd5 g4 33. Qf7 gxf3 34.
Rd7 Rg8 35. Qg6+ Kh8 36. Bxh6 Qxd7 37. Bxg7+ Qxg7 0-1

[Event "Bundesliga 9798"]
[Site "Deutschland"]
[Date "1998.??.??"]
[Round "?.7"]
[White "Thiede, Lars"]
[Black "Apel, Stefan"]
[Result "1-0"]
[WhiteElo "2335"]
[BlackElo "2305"]
[PlyCount "85"]
[EventDate "1997.10.??"]
[EventType "team"]
[EventRounds "15"]
[EventCountry "GER"]
[SourceTitle "Bundesliga 9798"]
[Source "DeepChess"]
[SourceDate "2005.01.01"]
[SourceVersion "1"]
[SourceVersionDate "2005.01.01"]
[SourceQuality "1"]
[WhiteTeam "SF Neukoelln 03 e.V."]
[BlackTeam "SV Empor Berlin e.V."]
[WhiteTeamCountry "GER"]
[BlackTeamCountry "GER"]

1. g3 e5 2. Bg2 Nc6 3. c4 f5 4. Nc3 Nf6 5. d3 Bb4 6. Bd2 O-O 7. a3 Bxc3 8. Bxc3
Qe8 9. e3 b6 10. Ne2 Bb7 11. O-O Nd8 12. Bxb7 Nxb7 13. b4 Nd6 14. Qd2 Qh5 15.
f4 Ng4 16. h4 Rae8 17. fxe5 Nxe5 18. Bxe5 Rxe5 19. Nf4 Qh6 20. Rae1 Ne8 21. e4
Qd6 22. Qc3 Nf6 23. exf5 Rxf5 24. d4 c5 25. dxc5 bxc5 26. Qd3 Qxd3 27. Nxd3
Rxf1+ 28. Rxf1 cxb4 29. axb4 Re8 30. Re1 Rxe1+ 31. Nxe1 Kf7 32. Kg2 Ne4 33. Nd3
Ke6 34. g4 Nd2 35. c5 Kd5 36. b5 Nc4 37. Kf3 Ne5+ 38. Nxe5 Kxe5 39. b6 axb6 40.
cxb6 Kd6 41. Ke4 Kc6 42. Ke5 Kxb6 43. Kd6 1-0

[Event "Bundesliga 9798"]
[Site "Deutschland"]
[Date "1998.??.??"]
[Round "?.8"]
[White "Welz, Peter"]
[Black "Rudolf, Henrik"]
[Result "0-1"]
[WhiteElo "2200"]
[BlackElo "2280"]
[PlyCount "172"]
[EventDate "1997.10.??"]
[EventType "team"]
[EventRounds "15"]
[EventCountry "GER"]
[SourceTitle "Bundesliga 9798"]
[Source "DeepChess"]
[SourceDate "2005.01.01"]
[SourceVersion "1"]
[SourceVersionDate "2005.01.01"]
[SourceQuality "1"]
[WhiteTeam "SV Empor Berlin e.V."]
[BlackTeam "SF Neukoelln 03 e.V."]
[WhiteTeamCountry "GER"]
[BlackTeamCountry "GER"]

1. e4 g6 2. d4 Bg7 3. Nc3 d6 4. f4 Nf6 5. Nf3 c5 6. dxc5 Qa5 7. Bd3 Qxc5 8. Qe2
Nc6 9. Be3 Qa5 10. O-O Bg4 11. Qe1 O-O 12. Nd2 Bd7 13. h3 Nb4 14. Nb3 Nxd3 15.
cxd3 Qa6 16. Rd1 Bc6 17. Qh4 b5 18. a3 b4 19. axb4 Rfb8 20. Nd4 Rxb4 21. Rd2
Rab8 22. Rff2 Ba8 23. f5 Qa1+ 24. Rf1 Qa5 25. Qf2 Rf8 26. g4 Nd7 27. Nf3 Ne5
28. Nxe5 Bxe5 29. Bxa7 d5 30. Bc5 Rxb2 31. Rxb2 Qxc3 32. d4 Bg3 33. Qd2 Qxd2
34. Rxd2 dxe4 35. f6 Rc8 36. fxe7 e3 37. Re2 Bf2+ 38. Rfxf2 exf2+ 39. Kxf2 Bc6
40. Bb6 f6 41. d5 Bd7 42. Ke3 Kf7 43. Kd4 Bb5 44. Rb2 Rc4+ 45. Ke3 Bd7 46. Kd3
Rc1 47. Bd8 Rh1 48. Kd4 Rxh3 49. Kc5 Bxg4 50. Kd6 Rd3 51. Rb5 h5 52. Ba5 Re3
53. Rb7 Bf3 54. Bb4 Re5 55. Kc7 Bxd5 56. Rb5 Bb3 57. Rb8 Ba4 58. Rf8+ Kg7 59.
Bd6 Re4 60. Ra8 Kf7 61. Rf8+ Ke6 62. e8=Q+ Bxe8 63. Rxe8+ Kf5 64. Rh8 h4 65.
Kc6 g5 66. Kd5 Re1 67. Rh6 Re2 68. Bc5 Re8 69. Bd4 Re6 70. Bb2 Ra6 71. Bd4 Kg4
72. Bxf6 Kf5 73. Rxh4 Rxf6 74. Rh1 g4 75. Kd4 Re6 76. Kd3 g3 77. Kd2 Kf4 78.
Rh8 Kf3 79. Rf8+ Kg2 80. Rg8 Kf2 81. Rf8+ Kg1 82. Rg8 g2 83. Rg5 Kf2 84. Rf5+
Kg3 85. Rg5+ Kf3 86. Rg8 Re4 0-1

[Event "Bundesliga 9798"]
[Site "Deutschland"]
[Date "1998.??.??"]
[Round "?.3"]
[White "Hellsten, Johan"]
[Black "Casper, Thomas"]
[Result "0-1"]
[WhiteElo "2495"]
[BlackElo "2415"]
[PlyCount "106"]
[EventDate "1997.10.??"]
[EventType "team"]
[EventRounds "15"]
[EventCountry "GER"]
[SourceTitle "Bundesliga 9798"]
[Source "DeepChess"]
[SourceDate "2005.01.01"]
[SourceVersion "1"]
[SourceVersionDate "2005.01.01"]
[SourceQuality "1"]
[WhiteTeam "SF Neukoelln 03 e.V."]
[BlackTeam "SV Erfurt West 90"]
[WhiteTeamCountry "GER"]
[BlackTeamCountry "GER"]

1. d4 Nf6 2. Nf3 d6 3. Nc3 c6 4. e4 Bg4 5. Be2 Nbd7 6. O-O e5 7. Be3 Be7 8. a4
O-O 9. a5 Re8 10. d5 cxd5 11. exd5 a6 12. Nd2 Bf5 13. g4 Bg6 14. g5 Nxd5 15.
Nxd5 Bxg5 16. Kh1 Rc8 17. Bd3 f5 18. Bxg5 Qxg5 19. f4 Qh6 20. Ne3 Rf8 21. Bc4+
Kh8 22. Qf3 Nf6 23. Qg3 Nh5 24. Qg5 Nxf4 25. Qxh6 gxh6 26. Ng2 Nxg2 27. Kxg2 d5
28. Bb3 e4 29. c3 Rcd8 30. Rf4 d4 31. cxd4 Rxd4 32. Nf1 Rb4 33. Ra3 Rd8 34. Rf2
f4 35. Rxf4 Rd3 36. Rf6 Rdxb3 37. Rxb3 Rxb3 38. Rb6 Rxb6 39. axb6 Kg7 40. Kg3
Kf6 41. Kf4 Ke6 42. h4 Kd5 43. Nd2 Kc5 44. Nxe4+ Bxe4 45. Kxe4 Kxb6 46. Kf5 Kc5
47. Kf6 a5 48. h5 a4 49. Kg7 b5 50. Kxh6 b4 51. Kxh7 a3 52. bxa3 b3 53. h6 b2
0-1

[Event "Bundesliga 9798"]
[Site "Deutschland"]
[Date "1998.??.??"]
[Round "?.4"]
[White "Kuczynski, Robert"]
[Black "Polzin, Rainer"]
[Result "1-0"]
[WhiteElo "2495"]
[BlackElo "2445"]
[PlyCount "129"]
[EventDate "1997.10.??"]
[EventType "team"]
[EventRounds "15"]
[EventCountry "GER"]
[SourceTitle "Bundesliga 9798"]
[Source "DeepChess"]
[SourceDate "2005.01.01"]
[SourceVersion "1"]
[SourceVersionDate "2005.01.01"]
[SourceQuality "1"]
[WhiteTeam "SV Erfurt West 90"]
[BlackTeam "SF Neukoelln 03 e.V."]
[WhiteTeamCountry "GER"]
[BlackTeamCountry "GER"]

1. e4 e6 2. d4 d5 3. Nc3 Nf6 4. e5 Nfd7 5. f4 c5 6. Nf3 Nc6 7. Be3 a6 8. Qd2
cxd4 9. Nxd4 Bc5 10. O-O-O O-O 11. h4 Nxd4 12. Bxd4 b5 13. Rh3 Bb7 14. Bxc5
Nxc5 15. Qd4 Qc7 16. Bd3 Rac8 17. g4 Rfd8 18. Be2 Ne4 19. a3 f6 20. Rf3 Qc5 21.
Qxc5 Nxc5 22. Rd4 fxe5 23. fxe5 Nd7 24. Re3 Nb8 25. Bf3 Nc6 26. Rd1 Na5 27.
Red3 Rf8 28. Re1 Nc4 29. Nb1 Rf4 30. b3 Rcf8 31. Bd1 Nb6 32. Nd2 d4 33. c3 Rc8
34. Kb2 dxc3+ 35. Rxc3 Rxc3 36. Kxc3 b4+ 37. axb4 Nd5+ 38. Kb2 Nxb4 39. Be2 Rf2
40. Kc3 Nd5+ 41. Kd4 Rg2 42. Nc4 Nf4 43. Bd1 Bd5 44. h5 g5 45. hxg6 hxg6 46.
Kc3 Kg7 47. Rf1 Ne2+ 48. Kb4 Ng3 49. Re1 Ra2 50. Ne3 Ra1 51. Kc3 Rc1+ 52. Kb2
Rc8 53. Nxd5 exd5 54. Bf3 Rd8 55. Rd1 Kh6 56. Rxd5 Re8 57. Ra5 Kg5 58. Bd1 Kf4
59. Rxa6 g5 60. e6 Ke5 61. Bf3 Rxe6 62. Rxe6+ Kxe6 63. Kc3 Kd6 64. Kd3 Kc5 65.
Bg2 1-0

[Event "Bundesliga 9798"]
[Site "Deutschland"]
[Date "1998.??.??"]
[Round "?.6"]
[White "Renner, Christoph"]
[Black "Schoene, Ralf"]
[Result "0-1"]
[WhiteElo "2415"]
[BlackElo "2435"]
[PlyCount "154"]
[EventDate "1997.10.??"]
[EventType "team"]
[EventRounds "15"]
[EventCountry "GER"]
[SourceTitle "Bundesliga 9798"]
[Source "DeepChess"]
[SourceDate "2005.01.01"]
[SourceVersion "1"]
[SourceVersionDate "2005.01.01"]
[SourceQuality "1"]
[WhiteTeam "SV Erfurt West 90"]
[BlackTeam "SF Neukoelln 03 e.V."]
[WhiteTeamCountry "GER"]
[BlackTeamCountry "GER"]

1. e4 e5 2. Nf3 Nc6 3. Bc4 Bc5 4. c3 Nf6 5. d3 a6 6. O-O Ba7 7. Re1 O-O 8. Bg5
d6 9. a3 Qe7 10. Nbd2 Nd8 11. Bh4 Ne6 12. Nf1 Nf4 13. Ne3 Bxe3 14. Rxe3 Be6 15.
Bb3 Bxb3 16. Qxb3 b6 17. d4 Ng6 18. Bg3 Nh5 19. Rd1 Nhf4 20. Qc4 c5 21. Bxf4
Nxf4 22. dxe5 dxe5 23. g3 b5 24. Qf1 Ng6 25. Red3 Rad8 26. Rd5 Qf6 27. Kg2 c4
28. Qe2 Rxd5 29. Rxd5 Qe6 30. Ng5 Qc6 31. Qd1 h6 32. Nf3 Re8 33. Kg1 f6 34. Qe2
Kh7 35. h4 Qe6 36. Nh2 f5 37. Rd1 f4 38. Qg4 fxg3 39. fxg3 Qb6+ 40. Kh1 Rf8 41.
h5 Ne7 42. Qd7 Qe3 43. Qxe7 Rf2 44. Qh4 Rxh2+ 45. Kxh2 Qe2+ 46. Kh3 Qxd1 47.
Kg2 Qe2+ 48. Kh3 Qf3 49. Kh2 Qf2+ 50. Kh1 Qe2 51. Kg1 Qxb2 52. Qg4 Qc1+ 53. Kg2
Qg5 54. Qf3 Kg8 55. Qd1 Kh8 56. Kh3 Qf6 57. Kg2 Qg5 58. Kh3 Kg8 59. Kg2 Kh7 60.
Kh3 a5 61. Kg2 Qe3 62. Qg4 Qd2+ 63. Kh3 Qg5 64. Qd1 Qf6 65. Kg2 Qf7 66. Kh3
Qe6+ 67. Kg2 b4 68. cxb4 axb4 69. axb4 c3 70. Qc2 Qc4 71. b5 Qb4 72. Kh3 Qb2
73. Qd3 c2 74. Qd7 c1=Q 75. Qf5+ Kg8 76. Qe6+ Kf8 77. Qd6+ Ke8 0-1

[Event "Bundesliga 9798"]
[Site "Deutschland"]
[Date "1998.??.??"]
[Round "?.7"]
[White "Berndt, Stephan"]
[Black "Fuhrmann, Daniel"]
[Result "1-0"]
[WhiteElo "2360"]
[BlackElo "2295"]
[PlyCount "99"]
[EventDate "1997.10.??"]
[EventType "team"]
[EventRounds "15"]
[EventCountry "GER"]
[SourceTitle "Bundesliga 9798"]
[Source "DeepChess"]
[SourceDate "2005.01.01"]
[SourceVersion "1"]
[SourceVersionDate "2005.01.01"]
[SourceQuality "1"]
[WhiteTeam "SF Neukoelln 03 e.V."]
[BlackTeam "SV Erfurt West 90"]
[WhiteTeamCountry "GER"]
[BlackTeamCountry "GER"]

1. e4 c6 2. d4 d5 3. exd5 cxd5 4. c4 Nf6 5. Nc3 Nc6 6. Nf3 Bg4 7. cxd5 Nxd5 8.
Qb3 Bxf3 9. gxf3 Nb6 10. d5 Nd4 11. Bb5+ Nd7 12. Qa4 Nxb5 13. Qxb5 g6 14. O-O
Bg7 15. Re1 O-O 16. Bg5 Ne5 17. Re3 f6 18. Bf4 Qc8 19. Bxe5 fxe5 20. Ne4 Rb8
21. Nc5 Bh6 22. Rc3 Qh3 23. Qf1 Qf5 24. Ne6 Rfc8 25. Qe2 b5 26. Rd1 b4 27. Rc4
Rxc4 28. Qxc4 Qxf3 29. Rd3 Qf7 30. Qc7 Qe8 31. Qxe5 Rc8 32. Rh3 Bf8 33. Kg2 Rc4
34. Rf3 Bh6 35. h3 a5 36. d6 exd6 37. Qd5 Qc6 38. Qxa5 Qc8 39. Qd5 Qc6 40. Qd3
Bg7 41. Nd8 Qc5 42. Nb7 Qd4 43. Qb3 d5 44. Nd6 Rc5 45. Qa4 h6 46. Qa7 h5 47.
Rf7 Rc1 48. Qe7 Qe5 49. Rf8+ Kh7 50. Rh8+ 1-0

[Event "Bundesliga 9798"]
[Site "Deutschland"]
[Date "1998.??.??"]
[Round "?.8"]
[White "Voekler, Bernd"]
[Black "Thiede, Lars"]
[Result "1/2-1/2"]
[WhiteElo "2395"]
[BlackElo "2335"]
[PlyCount "116"]
[EventDate "1997.10.??"]
[EventType "team"]
[EventRounds "15"]
[EventCountry "GER"]
[SourceTitle "Bundesliga 9798"]
[Source "DeepChess"]
[SourceDate "2005.01.01"]
[SourceVersion "1"]
[SourceVersionDate "2005.01.01"]
[SourceQuality "1"]
[WhiteTeam "SV Erfurt West 90"]
[BlackTeam "SF Neukoelln 03 e.V."]
[WhiteTeamCountry "GER"]
[BlackTeamCountry "GER"]

1. e4 g6 2. d4 Bg7 3. Nc3 d6 4. Be3 a6 5. Qd2 Nd7 6. f3 b5 7. g4 Nb6 8. b3 c6
9. a4 Bb7 10. Bg2 h6 11. Nh3 Nf6 12. O-O b4 13. Ne2 a5 14. Rad1 Qc7 15. Nf2 e5
16. Rfe1 Nfd7 17. dxe5 dxe5 18. c3 Bf8 19. Nd3 Ba6 20. cxb4 Bxd3 21. Qxd3 Bxb4
22. Nc3 Nc5 23. Qc2 Ne6 24. Re2 h5 25. Nd5 Nxd5 26. exd5 cxd5 27. Qxc7 Nxc7 28.
Bb6 Ne6 29. Rxe5 Rb8 30. Bf2 hxg4 31. fxg4 Bd6 32. Bg3 O-O 33. Rexd5 Bxg3 34.
hxg3 Rxb3 35. R1d3 Rxd3 36. Rxd3 Rc8 37. Rd6 Rc1+ 38. Kh2 Ra1 39. Bc6 Nc5 40.
Rd4 Kg7 41. Kh3 Rc1 42. Bd5 f6 43. Kg2 Rc2+ 44. Kf1 Kh6 45. Bf3 Rc3 46. Kg2 Nd3
47. Be2 Nc5 48. Bb5 Rc2+ 49. Kf1 Kg5 50. Be2 Rc3 51. Kf2 f5 52. gxf5 gxf5 53.
g4 Ne4+ 54. Ke1 Rh3 55. gxf5 Rh1+ 56. Bf1 Ng3 57. Kf2 Rxf1+ 58. Kxg3 Rxf5
1/2-1/2

[Event "Bundesliga 9798"]
[Site "Deutschland"]
[Date "1998.??.??"]
[Round "?.2"]
[White "Stohl, Igor"]
[Black "Kupreichik, Viktor D"]
[Result "1/2-1/2"]
[WhiteElo "2565"]
[BlackElo "2500"]
[PlyCount "69"]
[EventDate "1997.10.??"]
[EventType "team"]
[EventRounds "15"]
[EventCountry "GER"]
[SourceTitle "Bundesliga 9798"]
[Source "DeepChess"]
[SourceDate "2005.01.01"]
[SourceVersion "1"]
[SourceVersionDate "2005.01.01"]
[SourceQuality "1"]
[WhiteTeam "SF Neukoelln 03 e.V."]
[BlackTeam "SVG Plettenberg"]
[WhiteTeamCountry "GER"]
[BlackTeamCountry "GER"]

1. d4 Nf6 2. c4 g6 3. Nc3 Bg7 4. e4 O-O 5. Nf3 d6 6. Be2 e5 7. O-O Nc6 8. d5
Ne7 9. b4 Nh5 10. Re1 f5 11. Ng5 Nf4 12. Bxf4 exf4 13. Rc1 Kh8 14. Bf3 Be5 15.
Ne6 Bxe6 16. dxe6 c6 17. b5 Rf6 18. exf5 gxf5 19. bxc6 bxc6 20. Ne2 Rxe6 21.
Nxf4 Rh6 22. Qd2 Rb8 23. c5 Ng8 24. cxd6 Qxd6 25. Qxd6 Bxd6 26. Nh5 c5 27. Ng3
Rf6 28. Rcd1 c4 29. Nxf5 Bxh2+ 30. Kxh2 Rxf5 31. Rd5 Rxd5 32. Bxd5 c3 33. Bxg8
Kxg8 34. Rc1 Rb2 35. Rxc3 1/2-1/2

[Event "Bundesliga 9798"]
[Site "Deutschland"]
[Date "1998.??.??"]
[Round "?.3"]
[White "Danner, Georg"]
[Black "Polzin, Rainer"]
[Result "0-1"]
[WhiteElo "2415"]
[BlackElo "2445"]
[PlyCount "76"]
[EventDate "1997.10.??"]
[EventType "team"]
[EventRounds "15"]
[EventCountry "GER"]
[SourceTitle "Bundesliga 9798"]
[Source "DeepChess"]
[SourceDate "2005.01.01"]
[SourceVersion "1"]
[SourceVersionDate "2005.01.01"]
[SourceQuality "1"]
[WhiteTeam "SVG Plettenberg"]
[BlackTeam "SF Neukoelln 03 e.V."]
[WhiteTeamCountry "GER"]
[BlackTeamCountry "GER"]

1. d4 Nf6 2. Nf3 g6 3. c4 Bg7 4. Nc3 O-O 5. e4 d6 6. Be2 Na6 7. Qc2 Qe8 8. O-O
e5 9. d5 Nh5 10. a3 Nf4 11. Ne1 Nxe2+ 12. Nxe2 f5 13. Nc3 f4 14. b4 g5 15. Nd3
f3 16. Nd1 fxg2 17. Re1 Qh5 18. Ne3 Rf6 19. Qe2 Qh3 20. f3 Rxf3 21. Qxg2 Qh5
22. Nf2 Bd7 23. Nf1 Raf8 24. Ng3 Qf7 25. Nf5 Rc3 26. Bxg5 Bxf5 27. exf5 Qxf5
28. Re4 Rf3 29. Be3 Kh8 30. Re1 Rf6 31. Rg4 Rg6 32. Rxg6 hxg6 33. Bxa7 Rxa3 34.
Ne4 Nxb4 35. Bb8 Nd3 36. Rf1 Nf4 37. Qc2 Re3 38. Bxc7 Rxe4 0-1

[Event "Bundesliga 9798"]
[Site "Deutschland"]
[Date "1998.??.??"]
[Round "?.4"]
[White "Bunzmann, Dimitrij"]
[Black "Luecke, Norbert"]
[Result "1/2-1/2"]
[WhiteElo "2370"]
[BlackElo "2375"]
[PlyCount "47"]
[EventDate "1997.10.??"]
[EventType "team"]
[EventRounds "15"]
[EventCountry "GER"]
[SourceTitle "Bundesliga 9798"]
[Source "DeepChess"]
[SourceDate "2005.01.01"]
[SourceVersion "1"]
[SourceVersionDate "2005.01.01"]
[SourceQuality "1"]
[WhiteTeam "SF Neukoelln 03 e.V."]
[BlackTeam "SVG Plettenberg"]
[WhiteTeamCountry "GER"]
[BlackTeamCountry "GER"]

1. Nf3 g6 2. c4 Nf6 3. b4 Bg7 4. Bb2 O-O 5. e3 d6 6. d4 Nbd7 7. Be2 e5 8. O-O
Re8 9. Nc3 Nf8 10. dxe5 dxe5 11. Nxe5 Qxd1 12. Nxd1 Ne4 13. Nf3 a5 14. b5 Bg4
15. Rc1 Ne6 16. Bxg7 Kxg7 17. h3 Bxf3 18. gxf3 Nd2 19. Re1 Nf4 20. exf4 Nxf3+
21. Bxf3 Rxe1+ 22. Kg2 Rd8 23. c5 b6 24. cxb6 1/2-1/2

[Event "Bundesliga 9798"]
[Site "Deutschland"]
[Date "1998.??.??"]
[Round "?.5"]
[White "Schroll, Gerhard"]
[Black "Schoene, Ralf"]
[Result "1/2-1/2"]
[WhiteElo "2405"]
[BlackElo "2435"]
[PlyCount "67"]
[EventDate "1997.10.??"]
[EventType "team"]
[EventRounds "15"]
[EventCountry "GER"]
[SourceTitle "Bundesliga 9798"]
[Source "DeepChess"]
[SourceDate "2005.01.01"]
[SourceVersion "1"]
[SourceVersionDate "2005.01.01"]
[SourceQuality "1"]
[WhiteTeam "SVG Plettenberg"]
[BlackTeam "SF Neukoelln 03 e.V."]
[WhiteTeamCountry "GER"]
[BlackTeamCountry "GER"]

1. d4 Nf6 2. c4 g6 3. Nc3 Bg7 4. e4 d6 5. Be2 O-O 6. Bg5 h6 7. Be3 Nbd7 8. Qd2
h5 9. f3 e5 10. d5 a5 11. h4 Nh7 12. O-O-O f5 13. g3 a4 14. Nh3 a3 15. b3 Ndf6
16. Ng5 Nxg5 17. hxg5 f4 18. gxf4 exf4 19. Bxf4 Nd7 20. Be3 Ne5 21. Rdf1 Qe7
22. f4 Ng4 23. Bd4 c5 24. Bxg7 Qxg7 25. Kc2 Bd7 26. Bxg4 Bxg4 27. Rf2 Rf7 28.
Re1 Re8 29. Nb5 Qf8 30. Kc1 Qg7 31. Qc3 Qf8 32. Qd2 Qg7 33. Qc3 Qf8 34. Qd2
1/2-1/2

[Event "Bundesliga 9798"]
[Site "Deutschland"]
[Date "1998.??.??"]
[Round "?.6"]
[White "Berndt, Stephan"]
[Black "Thiel, Thomas"]
[Result "1-0"]
[WhiteElo "2360"]
[BlackElo "2345"]
[PlyCount "93"]
[EventDate "1997.10.??"]
[EventType "team"]
[EventRounds "15"]
[EventCountry "GER"]
[SourceTitle "Bundesliga 9798"]
[Source "DeepChess"]
[SourceDate "2005.01.01"]
[SourceVersion "1"]
[SourceVersionDate "2005.01.01"]
[SourceQuality "1"]
[WhiteTeam "SF Neukoelln 03 e.V."]
[BlackTeam "SVG Plettenberg"]
[WhiteTeamCountry "GER"]
[BlackTeamCountry "GER"]

1. e4 c5 2. Nf3 Nc6 3. d4 cxd4 4. Nxd4 Nf6 5. Nc3 e6 6. Ndb5 d6 7. Bf4 e5 8.
Bg5 a6 9. Na3 Be6 10. Nc4 Rc8 11. Nd5 Bxd5 12. Bxf6 gxf6 13. Qxd5 Nb4 14. Qd2
d5 15. exd5 Nxc2+ 16. Qxc2 Bb4+ 17. Kd1 Qxd5+ 18. Kc1 b5 19. a3 Be7 20. Nd6+
Kd7 21. Nxc8 Rxc8 22. Bxb5+ Qxb5 23. Rd1+ Bd6 24. Rxd6+ Kxd6 25. Qxc8 Qf1+ 26.
Kc2 Qxa1 27. Qxa6+ Ke7 28. Qb7+ Kf8 29. Qb4+ Kg7 30. Qg4+ Kf8 31. Qf3 Qf1 32.
g3 Qc4+ 33. Qc3 Qe4+ 34. Kd2 Qg2 35. Qc5+ Kg7 36. h4 Qf1 37. Kc2 Qe2+ 38. Kb3
Qd3+ 39. Ka2 e4 40. a4 Qd1 41. b3 f5 42. a5 Qd3 43. Ka3 Qd1 44. Kb4 Kg6 45. a6
Qd2+ 46. Ka3 Qd3 47. Qc6+ 1-0